| 000 | 00746nam a22001937a 4500 | ||
|---|---|---|---|
| 999 |
_c8044 _d8044 |
||
| 003 | GBCCL | ||
| 005 | 20241126110642.0 | ||
| 008 | 190117b ||||| |||| 00| 0 eng d | ||
| 040 | _cGBC | ||
| 082 |
_a264.36 _bPRI |
||
| 100 |
_aPrince, Derek _97775 |
||
| 245 | _aThe power of Communion | ||
| 260 |
_aNew Zealand: _bDerek Prince Ministries, _c2017 |
||
| 300 |
_a87 pages ; _b18 cm |
||
| 505 | _a"This book was compiled from the extensive archives of Derek Prince's unpublished materials, and edited by the Derek Prince Ministries editorial team"--Title page verso. Place of publication from publisher's website (viewed July 2017). | ||
| 650 |
_aLord's Supper. _92158 |
||
| 650 |
_aLord's Supper -- Biblical teaching. _914031 |
||
| 942 |
_2ddc _cBK |
||